000 00333nam a2200121Ia 4500
008 190802s9999 xx 000 0 und d
020 _a978-0-19-940712-5
100 _aAbdul Sattar
245 0 _aPakistan's Foreign Policy 1947-2016 a concise history
260 _aUSA
_bOxford University Press
_c2017
300 _a378:p
942 _cBK
999 _c2243
_d2243